Ako používať katalógy Univerzitnej knižnice

Bibliographic Details
Main Author: Lobotková, Jana (Author)
Format: Book
Language:Slovak
PhysicalDescription:16 s. 8°
Published: Bratislava UK 1957
Subjects:

MARC

LEADER 00000nam a2200000 a 4500
001 vtls008332099
003 SK-MaSNL
005 20260301204657.0
008 181127s1957 xo 000 slo
015 |a SKSNBA1958/04-00620 
035 |a SK01SNK19580024316 
035 |a SKM000026779 
040 |a SNK  |b slo  |c SNK  |e AACR2 
041 1 |a slo 
044 |a xo  |c SK 
080 |a 017/018:027.7(437.6-25)  |2 1981 
080 |a 027.7(437.6-25):017/018  |2 1981 
100 1 |a Lobotková, Jana  |4 aut  |9 285566 
245 1 0 |a Ako používať katalógy Univerzitnej knižnice  |c sprac.: Jana Lobotková v spolupráci s kol. UK 
260 |a Bratislava  |b UK  |c 1957  |e Bratislava  |f Merkantilné tlačiarne 
300 |a 16 s.  |c 8° 
500 |a Ilustr. Vzory katalóg. lístkov 
563 |a 3000 výtl. 
610 2 7 |a Univerzitná knižnica v Bratislave  |2 SNK  |9 192279 
655 7 |a príručky  |2 SNKPH  |9 74364 
852 |a Slovenská národná knižnica v Martine  |b 10000  |h SD 14780 
852 |a Slovenská národná knižnica v Martine  |b 10000  |h SD 14780 D1 
958 |a OND 
958 |a TL 
958 |a BQ 
958 |a RK 
999 |c 907342  |d 909272 
952 |a SNK  |b SNK  |y PREZ  |7 0  |p 17A0523864  |o snkSD 14780  |i snkKSP 480/58  |0 0  |1 0  |4 0  |d 2006-10-18  |l 0  |r 2025-11-28 00:00:00  |w 2026-02-24